000 00634nam a2200193Ia 4500
003 GCL
008 140319s9999 xx 000 0 ara d
040 _aGCL /
_cGCL
082 0 4 _a550
_bف ف
100 1 _aمحمد جمال الدين الفندى
245 1 0 _aمن العطاء العلمى للاسلام (هدية من محمد جمال الدين الفندى) /
_cمحمد جمال الدين الفندى
300 _a99 ص
490 _aالعلم والحياة
_v0
650 0 4 _aالاسلام والعلم
650 0 4 _aالكون
650 0 4 _aالخلق
650 0 4 _aالقران والعلم
942 _2ddc
_cBK
999 _c46638
_d46638